|
|
|
|
| LEADER |
00000nab a2200000 a 4500 |
| 001 |
vtls000547143 |
| 003 |
SK-MaSNL |
| 005 |
20260304090336.0 |
| 008 |
250425c1995 xo 0 slo |
| 015 |
|
|
|a SNBRB19rr/mm-uuuuu
|
| 035 |
|
|
|a CL0547281
|
| 035 |
|
|
|a urn:nbn:sk:snk-ab7jay
|
| 035 |
|
|
|a (urnnbn)urn:nbn:sk:snk:ar-005ybf
|
| 035 |
|
|
|a (uuid)4adb0ab3-2eb0-4feb-90c0-f06591345d50
|
| 040 |
|
|
|a SNKBUCL
|b slo
|c SNKBUCL
|e AACR2
|
| 041 |
0 |
|
|a slo
|
| 044 |
|
|
|a xo
|c SK
|
| 080 |
|
|
|a 371.671:681.3.06
|2 1981
|
| 080 |
|
|
|a 681.3.06
|2 1981
|
| 100 |
1 |
|
|a Krištofičová, Eva,
|d 1945-
|4 aut
|9 37046
|
| 245 |
1 |
0 |
|a Hypertextové učebnice - ich tvorba a uplatnenie vo vzdelávaní
|c Eva Krištofičová
|
| 300 |
|
|
|b Res. angl., rus., lit. 6 zázn. v angl., slov.
|
| 650 |
0 |
7 |
|a hypertexty
|2 snkbucl
|9 506647
|
| 650 |
0 |
7 |
|a učebnice hypertextové
|2 snkbucl
|9 1381208
|
| 655 |
|
7 |
|a články z novín a časopisov
|2 snkbucl
|9 267496
|
| 773 |
0 |
|
|t Pedagogická revue
|g Roč. 47, č. 1-2 (1995), s. 26-31
|
| 850 |
|
|
|a Slovenská národná knižnica
|
| 852 |
|
|
|a Slovenská národná knižnica
|
| 954 |
|
|
|a odborná, vedecká literatúra pôvodná (slovenská)
|2 lita
|
| 958 |
|
|
|a article7
|
| 958 |
|
|
|a OND
|
| 958 |
|
|
|a NB
|
| 958 |
|
|
|a RK
|
| 958 |
|
|
|a EUIPO
|
| 992 |
|
|
|a RBX
|
| 999 |
|
|
|c 2811154
|d 2813084
|